00825nam a22002897a 4500003000400000005001700004008004100021010001600062020001000078035001400088035001300102035001400115037000900129040000600138082001500144100004000159245010600199260004300305270003500348300002500383700001000408700001000418700003300428700002500461942003000486999001900516dpl20240724113539.0240305b |||||||| |||| 00| 0 eng d aENG-140953  c87.00 aEN-124485 aEN-12448 aEN-124485 bDBAD c. a658.102654 aZAD N.S AND CS BAJPAI DIVYA962808 aRural Elderly And Their Quest For Health /cEdited by Abhijeet Jhadhav , Foreword by Deanna Jejeevhoy aUttar Pradesh bAuthors UPFRONT c2021 aGreater Noida bUttar Pradesh  a272.Pagesc23cm,(hb) 962809 962810 aSanjeev Kumar962811eAuthor aJagdish Saini962818 2ddccENh362.104257mabhj c204339d204339